[Event "110th YMCA Golden Autumn"]
[Site "Warszawa"]
[Date "2012.09.28"]
[Round "8"]
[White "Denderski, Piotr"]
[Black "Szewczyk, Mariusz"]
[Result "1-0"]
[WhiteElo "2240"]
[BlackElo "2030"]
[Annotator "Admin"]
[PlyCount "149"]
[EventDate "2012.09.21"]
[EventType "tourn"]
[EventRounds "1"]
[EventCountry "POL"]
[SourceDate "2012.09.19"]

1. d4 Nf6 2. c4 e6 3. Nc3 b6 4. Bf4 Bb7 5. a3 Be7 6. d5 O-O 7. e4 exd5 8. cxd5
Re8 9. Be2 d6 10. Nf3 Nbd7 11. O-O Bf8 12. Qc2 Qe7 13. Nd2 Nc5 14. Bb5 Ba6 15.
Bxa6 Nxa6 16. b4 Qd7 17. Qd3 Nb8 18. f3 c5 19. dxc6 Nxc6 20. Nc4 Ne5 21. Bxe5
dxe5 22. Qxd7 Nxd7 23. Nd5 Rac8 24. Rac1 Rc6 25. Nce3 Rec8 26. Rxc6 Rxc6 27.
Nf5 Re6 28. Rd1 Nb8 29. Nc7 Rc6 30. Nb5 a6 31. Na7 Rc7 32. Rd8 g6 33. Ne3 Nc6
34. Nxc6 Rxc6 35. Nd5 Kg7 36. Ra8 a5 37. Ra6 axb4 38. axb4 Re6 39. Kf2 Rc6 40.
g4 h6 41. h4 Re6 42. Ke2 Rc6 43. Kd2 Rd6 44. Kc3 Rc6+ 45. Kb3 Rc1 46. Rxb6 Rf1
47. Rc6 Rxf3+ 48. Rc3 Rf1 49. b5 f5 50. Rc7+ Kh8 51. Nf6 Bg7 52. Rc8+ Bf8 53.
g5 hxg5 54. hxg5 Rb1+ 55. Kc2 Rxb5 56. Rxf8+ Kg7 57. Rd8 fxe4 58. Rd7+ Kf8 59.
Nxe4 Rb4 60. Kd3 Ra4 61. Rd5 Ra3+ 62. Ke2 Ra2+ 63. Kf3 Ra3+ 64. Kg4 Ra4 65.
Rxe5 Kf7 66. Kf4 Rc4 67. Ra5 Rc7 68. Ra6 Kg7 69. Ke5 Re7+ 70. Re6 Ra7 71. Nf6
Kf7 $11 72. Nd5 Rb7 73. Rc6 Rb5 74. Rc7+ Kg8 75. Ke6 1-0

[Event "110th YMCA Golden Autumn"]
[Site "Warszawa"]
[Date "2012.11.06"]
[Round "8"]
[White "Liberadzki, Slawomir"]
[Black "Krasiewicz, Robert"]
[Result "1/2-1/2"]
[WhiteElo "2093"]
[BlackElo "2033"]
[PlyCount "61"]
[EventDate "2012.09.21"]
[EventType "tourn"]
[EventRounds "1"]
[EventCountry "POL"]
[SourceDate "2012.09.19"]

1. e4 e6 2. d4 d5 3. e5 c5 4. c3 Nc6 5. Nf3 Qb6 6. a3 Nh6 7. b4 cxd4 8. cxd4
Nf5 9. Bb2 Be7 10. Bd3 a5 11. Qa4 O-O 12. b5 Nb8 13. Nc3 Nh4 14. Nxh4 Bxh4 15.
Qd1 Bxf2+ 16. Kxf2 Qxd4+ 17. Kf1 Qxe5 18. Qe2 Nd7 19. Qxe5 Nxe5 20. Be2 f6 21.
Na4 Bd7 22. Nb6 Rad8 23. Rc1 Be8 24. Bxe5 fxe5+ 25. Ke1 e4 26. Rf1 Rd6 27. Nc8
Rd7 28. Nb6 Rd6 29. Nc8 Rd7 30. Nb6 Rd6 31. Nc8 1/2-1/2

[Event "110th YMCA Golden Autumn"]
[Site "Warszawa"]
[Date "2012.11.09"]
[Round "8"]
[White "Kubeczko, Grzegorz"]
[Black "Choroszej, Aleksander"]
[Result "1-0"]
[WhiteElo "2040"]
[BlackElo "2131"]
[PlyCount "197"]
[EventDate "2012.09.21"]
[EventType "tourn"]
[EventRounds "1"]
[EventCountry "POL"]
[SourceDate "2012.09.19"]

1. c4 g6 2. g3 Bg7 3. Bg2 c5 4. Nc3 Nc6 5. e4 d6 6. Nge2 Nf6 7. O-O O-O 8. d3
Ne8 9. Be3 Nc7 10. d4 cxd4 11. Nxd4 Ne6 12. Nde2 Ne5 13. b3 Nc5 14. h3 f5 15.
Bxc5 dxc5 16. Qxd8 Rxd8 17. f4 Nc6 18. e5 Bd7 19. Rad1 Be8 20. Nb5 Rdc8 21.
Bd5+ Bf7 22. Rd2 Bf8 23. Rfd1 a6 24. Nbc3 e6 25. Bf3 Rc7 26. Na4 Be8 27. Nb6
Ra7 28. Nd7 Be7 29. Nb6 Nd4 30. Bg2 Kf7 31. Kf1 Bc6 32. Bxc6 Rxc6 33. Nxd4 cxd4
34. Nd7 b5 35. Rxd4 bxc4 36. Rxc4 Rxc4 37. bxc4 Ke8 38. Nf6+ Bxf6 39. exf6 Rc7
40. Rc1 Kf7 41. Ke2 Kxf6 42. Kd3 e5 43. fxe5+ Kxe5 44. Re1+ Kd6 45. Kd4 h6 46.
Re8 Rc6 47. Rh8 h5 48. Rg8 Ke7 49. c5 Re6 50. Rg7+ Kf6 51. Rd7 h4 52. gxh4 Re4+
53. Kd5 Rxh4 54. c6 Rxh3 55. c7 Rd3+ 56. Kc4 Rxd7 57. c8=Q Rd6 58. Kc5 Re6 59.
Qd8+ Kf7 60. Kd5 Re7 61. Qd6 Re8 62. Qxa6 Kg7 63. a4 f4 64. a5 Rf8 65. Qa7+ Kh6
66. Qe7 Rf5+ 67. Ke4 Rxa5 68. Qf8+ Kh7 69. Qe7+ Kh6 70. Kxf4 Rf5+ 71. Kg4 Rh5
72. Qd8 Kg7 73. Qe7+ Kh6 74. Qf6 Kh7 75. Kg3 Rf5 76. Qe7+ Kh6 77. Qe3+ Kg7 78.
Kg4 Kh7 79. Qd2 Kg7 80. Qh2 Rh5 81. Qc7+ Kh6 82. Kf4 Rf5+ 83. Ke4 Rh5 84. Qf7
Rf5 85. Qg8 Kg5 86. Qh8 Rf4+ 87. Ke5 Rf5+ 88. Ke6 Rf4 89. Qd8+ Kh5 90. Qd1+ Kg5
91. Qg1+ Kh5 92. Qh2+ Rh4 93. Qe5+ Kh6 94. Qh8+ Kg5 95. Qf6+ Kh5 96. Kf7 Rg4
97. Kg7 Rg5 98. Qf4 Rg4 99. Qh6# 1-0

[Event "110th YMCA Golden Autumn"]
[Site "Warszawa"]
[Date "2012.11.09"]
[Round "8"]
[White "Szymczak, Rafal"]
[Black "Zaczek, Jonathon"]
[Result "1/2-1/2"]
[WhiteElo "2063"]
[BlackElo "2118"]
[PlyCount "134"]
[EventDate "2012.09.21"]
[EventType "tourn"]
[EventRounds "1"]
[EventCountry "POL"]
[SourceDate "2012.09.19"]

1. f4 d5 2. Nf3 Nf6 3. g3 Nbd7 4. Bg2 e6 5. O-O Bd6 6. Nc3 c5 7. d3 d4 8. Ne4
Be7 9. Nxf6+ Bxf6 10. e4 dxe3 11. c3 O-O 12. Bxe3 Qc7 13. d4 cxd4 14. Bxd4 e5
15. fxe5 Nxe5 16. Nxe5 Bxe5 17. Bxe5 Qxe5 18. Qf3 Be6 19. Qf2 Qc7 20. b3 a5 21.
c4 a4 22. Kh1 Rfd8 23. Rad1 axb3 24. axb3 Rab8 25. Qa7 Rdc8 26. Bd5 Qe5 27. Qd4
Qd6 28. Qf4 Qe7 29. Qe5 Bxd5+ 30. Rxd5 Re8 31. Qxe7 Rxe7 32. Kg2 f6 33. Rfd1
Rbe8 34. R1d2 Kf8 35. h4 Re3 36. R5d3 R3e7 37. Kf2 Kf7 38. Rd7 h5 39. R2d5 g6
40. c5 Ke6 41. R7d6+ Kf7 42. Rd3 Re2+ 43. Kf3 R8e7 44. Rd7 Rc2 45. b4 Rb2 46.
R3d4 Rb3+ 47. Kf4 Rb2 48. Rxe7+ Kxe7 49. Ke4 Rb3 50. Kf4 Rb1 51. g4 hxg4 52.
Kxg4 Rb3 53. h5 gxh5+ 54. Kxh5 Ke6 55. Kg6 Ke5 56. Rc4 f5 57. Kg5 Rg3+ 58. Kh4
Rg6 59. b5 Kd5 60. Rc1 Rg4+ 61. Kh3 Rg6 62. Kh4 Rg4+ 63. Kh3 Rg6 64. Kh4 f4 65.
c6 bxc6 66. bxc6 Rh6+ 67. Kg5 Rxc6 1/2-1/2

[Event "110th YMCA Golden Autumn"]
[Site "Warszawa"]
[Date "2012.11.21"]
[Round "8"]
[White "Sanz Losada, Victoriano"]
[Black "Adamski, Andrzej"]
[Result "0-1"]
[WhiteElo "2130"]
[BlackElo "2265"]
[PlyCount "66"]
[EventDate "2012.09.21"]
[EventType "tourn"]
[EventRounds "1"]
[EventCountry "POL"]
[SourceDate "2012.09.19"]

1. d4 d6 2. c4 g6 3. Nc3 Bg7 4. e4 Nf6 5. f3 e5 6. Nge2 O-O 7. Be3 Nc6 8. Qd2
Nd7 9. d5 Na5 10. Nc1 c5 11. Bd3 f5 12. Kd1 f4 13. Bf2 a6 14. a3 b5 15. cxb5 c4
16. Bc2 Rf7 17. b6 Nxb6 18. N1a2 Bd7 19. Nb4 Bf6 20. Rf1 Qb8 21. Ke2 Qb7 22.
Rab1 Rc8 23. Rfc1 g5 24. Qd1 g4 25. Nc6 Nxc6 26. dxc6 Qxc6 27. b4 Rd8 28. Nd5
Nxd5 29. exd5 Qb7 30. Be4 Rc8 31. Rc3 Bd8 32. Qc2 Bb6 33. Kf1 Bd4 0-1

[Event "110th YMCA Golden Autumn"]
[Site "Warszawa"]
[Date "2012.11.22"]
[Round "8"]
[White "Kielar, Maciej"]
[Black "Malec, Sebastian"]
[Result "1/2-1/2"]
[WhiteElo "2087"]
[BlackElo "2108"]
[Annotator "Admin"]
[PlyCount "21"]
[EventDate "2012.09.21"]
[EventType "tourn"]
[EventRounds "1"]
[EventCountry "POL"]
[SourceDate "2012.09.19"]

1. e4 c5 2. Nf3 Nc6 3. d4 cxd4 4. Nxd4 d6 5. Nc3 e5 6. Ndb5 a6 7. Na3 Be7 8.
Nc4 b5 9. Ne3 Nf6 10. Ned5 Be6 11. Be3 $11 1/2-1/2

[Event "110th YMCA Golden Autumn"]
[Site "Warszawa"]
[Date "2012.11.09"]
[Round "8"]
[White "Winiarski, Mikolaj"]
[Black "Kaczorowski, Piotr"]
[Result "0-1"]
[WhiteElo "2089"]
[BlackElo "2054"]
[PlyCount "112"]
[EventDate "2012.09.21"]
[EventType "tourn"]
[EventRounds "1"]
[EventCountry "POL"]
[SourceDate "2012.09.19"]

1. d4 d5 2. Nc3 e6 3. Bf4 Nf6 4. Qd3 c6 5. O-O-O Nbd7 6. f3 b5 7. e4 Nb6 8. e5
Nfd7 9. g4 b4 10. Nb1 a5 11. Qd2 a4 12. Bg5 Qc7 13. f4 c5 14. Nf3 Ba6 15. Bxa6
Rxa6 16. f5 Nc4 17. Qe2 Qb6 18. fxe6 fxe6 19. Nfd2 Nxd2 20. Qxd2 cxd4 21. Rhf1
Bc5 22. Qf2 Rf8 23. Qh4 d3 24. Qh5+ g6 25. Qxh7 Be3+ 26. Nd2 Bxg5 27. Qxg6+ Kd8
28. Qxg5+ Kc7 29. Rxf8 Nxf8 30. Qg7+ Nd7 31. Qh7 dxc2 32. Qxc2+ Kb7 33. Nc4 b3
34. axb3 axb3 35. Nxb6 bxc2 36. Nxd7 cxd1=Q+ 37. Kxd1 Ra1+ 38. Ke2 Rh1 39. g5
Rxh2+ 40. Kf3 Kc6 41. Nf8 Rh3+ 42. Kf4 Rh4+ 43. Kg3 Rh8 44. Nxe6 Re8 45. Nd4+
Kc5 46. Nf3 d4 47. Kf4 Kd5 48. g6 Rf8+ 49. Kg4 d3 50. b3 Ke4 51. Nd2+ Kxe5 52.
Kg5 Rf2 53. Nc4+ Ke6 54. Ne3 d2 55. b4 Rf3 56. Nd1 Rf1 0-1

[Event "110th YMCA Golden Autumn"]
[Site "Warszawa"]
[Date "2012.11.21"]
[Round "9"]
[White "Kaczorowski, Piotr"]
[Black "Denderski, Piotr"]
[Result "0-1"]
[WhiteElo "2054"]
[BlackElo "2240"]
[PlyCount "102"]
[EventDate "2012.09.21"]
[EventType "tourn"]
[EventRounds "1"]
[EventCountry "POL"]
[SourceDate "2012.09.19"]

1. Nf3 d6 2. g3 e5 3. Bg2 h5 4. c4 Be7 5. Nc3 h4 6. gxh4 Nc6 7. d4 exd4 8. Nxd4
Ne5 9. Bf4 Ng6 10. Bg3 Nxh4 11. Bxh4 Rxh4 12. Qd3 c6 13. O-O-O Qa5 14. Nxc6
Qg5+ 15. e3 Qxg2 16. Nxe7 Nxe7 17. Qxd6 Be6 18. Nb5 Rxc4+ 19. Kb1 Rac8 20. Qd3
Nf5 21. b3 Rc2 22. Nxa7 Qxf2 23. Nxc8 Rxc8 24. e4 Ne7 25. Rd2 Qb6 26. Rc1 Nc6
27. Qc3 Kf8 28. Qc5+ Qxc5 29. Rxc5 Re8 30. Kb2 Bg4 31. Rc4 Bf3 32. b4 Rxe4 33.
Rxe4 Bxe4 34. Kc3 Ke7 35. Kc4 Ne5+ 36. Kc3 f5 37. a4 g5 38. a5 Nf3 39. Ra2 Kd6
40. a6 bxa6 41. Rxa6+ Kc7 42. Rh6 g4 43. h4 f4 44. Re6 Bf5 45. Rf6 Nxh4 46. Kd2
g3 47. Ke2 f3+ 48. Ke3 f2 49. Ke2 Bg4+ 50. Kf1 Bh3+ 51. Ke2 Nf5 0-1

[Event "110th YMCA Golden Autumn"]
[Site "Warszawa"]
[Date "2012.11.16"]
[Round "9"]
[White "Malec, Sebastian"]
[Black "Winiarski, Mikolaj"]
[Result "1-0"]
[WhiteElo "2108"]
[BlackElo "2089"]
[PlyCount "51"]
[EventDate "2012.09.21"]
[EventType "tourn"]
[EventRounds "1"]
[EventCountry "POL"]
[SourceDate "2012.09.19"]

1. e4 c5 2. Nf3 d6 3. d4 cxd4 4. Qxd4 a6 5. Bc4 e6 6. Nc3 Nc6 7. Qd3 Be7 8. Bf4
Nf6 9. O-O-O e5 10. Bg5 Be6 11. Bxf6 gxf6 12. Nd5 b5 13. Bb3 Ra7 14. Nh4 Nd4
15. c3 Nxb3+ 16. axb3 Qd7 17. Nf5 Bxf5 18. exf5 Bd8 19. g4 a5 20. f4 a4 21. b4
Rg8 22. g5 fxg5 23. fxe5 dxe5 24. f6 Rg6 25. Rhe1 Bxf6 26. Qxg6 1-0

[Event "110th YMCA Golden Autumn"]
[Site "Warszawa"]
[Date "2012.11.14"]
[Round "9"]
[White "Adamski, Andrzej"]
[Black "Kielar, Maciej"]
[Result "0-1"]
[WhiteElo "2265"]
[BlackElo "2087"]
[PlyCount "92"]
[EventDate "2012.09.21"]
[EventType "tourn"]
[EventRounds "1"]
[EventCountry "POL"]
[SourceDate "2012.09.19"]

1. e4 c5 2. Nc3 g6 3. f4 Bg7 4. Bc4 d6 5. Nf3 Nc6 6. O-O e6 7. d3 Nge7 8. Qe1
O-O 9. Qh4 Nd4 10. Nxd4 Bxd4+ 11. Kh1 d5 12. Bb3 f5 13. e5 Bxc3 14. bxc3 b6 15.
a4 Nc6 16. Qf2 Ba6 17. Be3 Na5 18. Rfd1 Qe8 19. Qd2 c4 20. Ba2 Rc8 21. Bd4 Bb7
22. Qc1 Bc6 23. dxc4 dxc4 24. Bf2 Bd5 25. Qa3 Qc6 26. Rg1 Rf7 27. Rae1 Rd7 28.
Re2 Bf3 29. Re3 Be4 30. Re2 Rcd8 31. Bd4 Rg7 32. h3 h6 33. Kh2 g5 34. Be3 g4
35. Bf2 gxh3 36. gxh3 Rxg1 37. Bxg1 Rd7 38. Bf2 Rg7 39. Bg3 Nb7 40. Qb4 Bd5 41.
Bh4 Qc5 42. Rf2 Kh7 43. Qb1 Qe3 44. Qf1 Qxc3 45. Qd1 Nc5 46. Qh5 Qe1 0-1

[Event "110th YMCA Golden Autumn"]
[Site "Warszawa"]
[Date "2012.11.16"]
[Round "9"]
[White "Zaczek, Jonathon"]
[Black "Sanz Losada, Victoriano"]
[Result "1-0"]
[WhiteElo "2118"]
[BlackElo "2130"]
[PlyCount "89"]
[EventDate "2012.09.21"]
[EventType "tourn"]
[EventRounds "1"]
[EventCountry "POL"]
[SourceDate "2012.09.19"]

1. e4 e6 2. d4 d5 3. Nd2 Nf6 4. Bd3 dxe4 5. Nxe4 Nxe4 6. Bxe4 c5 7. Nf3 Nd7 8.
O-O Be7 9. c4 O-O 10. Be3 Qc7 11. Qe2 f5 12. Bd3 b6 13. Rfe1 Bb7 14. Bg5 Bxf3
15. Qxe6+ Rf7 16. Bxe7 Re8 17. gxf3 Rexe7 18. Qd5 Rxe1+ 19. Rxe1 Nf8 20. dxc5
bxc5 21. Re5 g6 22. Qxc5 Qd8 23. Qe3 Rd7 24. Be2 Qb8 25. b3 Qd8 26. c5 Qf6 27.
f4 h6 28. b4 g5 29. fxg5 hxg5 30. Re8 Qa1+ 31. Kg2 Qxa2 32. Re7 Rxe7 33. Qxe7
g4 34. Qg5+ Kh8 35. Qxf5 Qxe2 36. Qxf8+ Kh7 37. Qf4 Qe6 38. Kg3 Qb3+ 39. Kxg4
Qd1+ 40. Kf5 Qd7+ 41. Ke4 Qe6+ 42. Qe5 Qc4+ 43. Qd4 Qe2+ 44. Kd5 Qa2+ 45. Kd6
1-0

[Event "110th YMCA Golden Autumn"]
[Site "Warszawa"]
[Date "2012.11.21"]
[Round "9"]
[White "Choroszej, Aleksander"]
[Black "Szymczak, Rafal"]
[Result "1/2-1/2"]
[WhiteElo "2131"]
[BlackElo "2063"]
[Annotator "Admin"]
[PlyCount "30"]
[EventDate "2012.09.21"]
[EventType "tourn"]
[EventRounds "1"]
[EventCountry "POL"]
[SourceDate "2012.09.19"]

1. d4 e6 2. Nc3 d5 3. e4 dxe4 4. Nxe4 Nf6 5. Ng3 c5 6. Nf3 Nc6 7. Be3 Qb6 8.
Bd3 Bd7 9. dxc5 Bxc5 10. Bxc5 Qxc5 11. O-O Nb4 12. Re1 Nxd3 13. Qxd3 Bb5 14.
Ne4 Nxe4 15. Qxe4 Bc6 $11 1/2-1/2

[Event "110th YMCA Golden Autumn"]
[Site "Warszawa"]
[Date "2012.11.16"]
[Round "9"]
[White "Krasiewicz, Robert"]
[Black "Kubeczko, Grzegorz"]
[Result "1-0"]
[WhiteElo "2033"]
[BlackElo "2040"]
[PlyCount "107"]
[EventDate "2012.09.21"]
[EventType "tourn"]
[EventRounds "1"]
[EventCountry "POL"]
[SourceDate "2012.09.19"]

1. d4 d5 2. c4 c6 3. Nf3 Nf6 4. e3 a6 5. Bd3 b5 6. b3 Bg4 7. Nbd2 Nbd7 8. Qc2
e6 9. Bb2 Be7 10. O-O Bh5 11. Rfc1 Bg6 12. Bxg6 hxg6 13. cxb5 cxb5 14. Ne5 Nxe5
15. dxe5 Nd7 16. Qc7 O-O 17. Rc2 Rc8 18. Qxd8 Rfxd8 19. Rac1 Rxc2 20. Rxc2 Kf8
21. Nf3 Ke8 22. Nd4 Nxe5 23. Nxe6 fxe6 24. Bxe5 Bd6 25. Bxg7 Kd7 26. f4 b4 27.
g4 Rg8 28. Bf6 a5 29. Kg2 a4 30. bxa4 Ra8 31. Kg3 Rxa4 32. Kh4 Ra3 33. Bd4 Be7+
34. g5 Ra8 35. Kg4 Ra3 36. h4 e5 37. Bxe5 Rxe3 38. h5 gxh5+ 39. Kxh5 Ke6 40.
Kg6 Re1 41. Bd4 Re4 42. f5+ Kd7 43. Bg7 Rc4 44. Re2 Re4 45. Rxe4 dxe4 46. Bd4
Bd6 47. f6 Bf4 48. Bc5 e3 49. f7 e2 50. Bxb4 Bd6 51. Bxd6 e1=Q 52. f8=Q Qe6+
53. Kg7 Qxa2 54. Qf7+ 1-0

[Event "110th YMCA Golden Autumn"]
[Site "Warszawa"]
[Date "2012.11.13"]
[Round "9"]
[White "Szewczyk, Mariusz"]
[Black "Liberadzki, Slawomir"]
[Result "0-1"]
[WhiteElo "2030"]
[BlackElo "2093"]
[Annotator "Admin"]
[PlyCount "72"]
[EventDate "2012.09.21"]
[EventType "tourn"]
[EventRounds "1"]
[EventCountry "POL"]
[SourceDate "2012.09.19"]

1. e4 c5 2. Nf3 Nc6 3. d4 cxd4 4. Nxd4 e5 5. Nb3 Nf6 6. Bd3 Be7 7. Nc3 d5 8.
exd5 Nxd5 9. Nxd5 Qxd5 10. O-O Nb4 11. Re1 O-O 12. f4 Nxd3 13. Rxe5 Bg4 14.
Qxd3 Qxd3 15. cxd3 Bf6 16. Rb5 Rfd8 17. Rxb7 Rxd3 18. h3 Be6 19. Nd2 Rc8 20.
Kf1 Rxc1+ 21. Rxc1 Rxd2 22. Rb8+ Rd8 23. Rxd8+ $11 Bxd8 24. b4 Kf8 25. a4 Ke7
26. Ke2 Kd6 27. Kd3 h5 28. a5 h4 29. Rc5 Bd5 30. Rc2 f5 31. Ke3 Bc7 32. Rd2 a6
33. Kd4 Be4 34. g4 hxg3 35. Ke3+ Kc6 36. Rd1 g2 0-1

[Event "110th YMCA Golden Autumn"]
[Site "Warszawa"]
[Date "2012.11.20"]
[Round "10"]
[White "Denderski, Piotr"]
[Black "Liberadzki, Slawomir"]
[Result "1/2-1/2"]
[WhiteElo "2240"]
[BlackElo "2093"]
[Annotator "Admin"]
[PlyCount "43"]
[EventDate "2012.09.21"]
[EventType "tourn"]
[EventRounds "1"]
[EventCountry "POL"]
[SourceDate "2012.09.19"]

1. d4 d5 2. c4 e6 3. Nc3 Nf6 4. cxd5 exd5 5. Bg5 Be7 6. e3 O-O 7. Bd3 c6 8. Qc2
h6 9. Bh4 Nbd7 10. Nge2 Re8 11. O-O-O Ne4 12. Bxe7 Qxe7 13. Nf4 Ndf6 14. h4 Bf5
15. Kb1 Nxc3+ 16. Qxc3 Bxd3+ 17. Nxd3 Ne4 18. Qe1 Nf6 19. Ne5 Nd7 20. Nxd7 Qxd7
21. Qe2 Qf5+ 22. Qc2 $11 1/2-1/2

[Event "110th YMCA Golden Autumn"]
[Site "Warszawa"]
[Date "2012.11.23"]
[Round "10"]
[White "Kubeczko, Grzegorz"]
[Black "Szewczyk, Mariusz"]
[Result "1-0"]
[WhiteElo "2040"]
[BlackElo "2030"]
[PlyCount "59"]
[EventDate "2012.09.21"]
[EventType "tourn"]
[EventRounds "1"]
[EventCountry "POL"]
[SourceDate "2012.09.19"]

1. Nf3 c5 2. c4 Nc6 3. g3 Nf6 4. Bg2 e5 5. Nc3 Be7 6. O-O O-O 7. Ne1 d6 8. Nc2
Be6 9. Ne3 Nd7 10. Ned5 f5 11. d3 Nf6 12. f4 Qd7 13. Qa4 Bd8 14. a3 Bb6 15. Qb5
Nxd5 16. cxd5 Nd4 17. dxe6 Qxb5 18. Nxb5 Nxb5 19. Bxb7 Rab8 20. e7 Rf6 21. Bd5+
Kh8 22. fxe5 dxe5 23. Bg5 Nd4 24. Bxf6 gxf6 25. Bf7 c4 26. e3 Nc2 27. dxc4 f4
28. gxf4 exf4 29. Rae1 fxe3 30. Kg2 1-0

[Event "110th YMCA Golden Autumn"]
[Site "Warszawa"]
[Date "2012.11.23"]
[Round "10"]
[White "Szymczak, Rafal"]
[Black "Krasiewicz, Robert"]
[Result "1-0"]
[WhiteElo "2063"]
[BlackElo "2033"]
[PlyCount "69"]
[EventDate "2012.09.21"]
[EventType "tourn"]
[EventRounds "1"]
[EventCountry "POL"]
[SourceDate "2012.09.19"]

1. f4 e5 2. fxe5 d6 3. exd6 Bxd6 4. Nf3 g5 5. g3 h5 6. d4 g4 7. Nh4 Be7 8. Ng2
h4 9. Bf4 hxg3 10. Bxg3 Nf6 11. Nf4 c5 12. dxc5 Qxd1+ 13. Kxd1 Bf5 14. Bg2 Nc6
15. Nd2 O-O-O 16. Nd3 Nh5 17. Bf2 Bf6 18. Nc4 Be6 19. Nd6+ Kc7 20. c3 a6 21.
Kc2 Be7 22. Bxc6 Kxc6 23. Ne5+ Kc7 24. Nexf7 Bxf7 25. Nxf7 Rdf8 26. Bd4 Rhg8
27. Ne5 Nf4 28. e3 Ne6 29. Nd3 Rf3 30. Rae1 Rg5 31. b4 Rh5 32. Be5+ Kc6 33.
Rhg1 Bg5 34. Rxg4 Bxe3 35. Bg3 1-0

[Event "110th YMCA Golden Autumn"]
[Site "Warszawa"]
[Date "2012.11.23"]
[Round "10"]
[White "Sanz Losada, Victoriano"]
[Black "Choroszej, Aleksander"]
[Result "1-0"]
[WhiteElo "2130"]
[BlackElo "2131"]
[PlyCount "61"]
[EventDate "2012.09.21"]
[EventType "tourn"]
[EventRounds "1"]
[EventCountry "POL"]
[SourceDate "2012.09.19"]

1. e4 g6 2. d4 Bg7 3. f3 d5 4. e5 e6 5. c3 Ne7 6. Bd3 Nd7 7. Ne2 O-O 8. O-O c5
9. f4 Nc6 10. Nd2 Qb6 11. Nf3 f6 12. Kh1 cxd4 13. cxd4 a5 14. a3 Qa7 15. f5
gxf5 16. Nf4 fxe5 17. Nxe6 e4 18. Nh4 Nf6 19. Nxg7 Kxg7 20. Qd2 Kf7 21. Qh6 Ne7
22. Be2 Ke8 23. Bf4 Qxd4 24. Rac1 Nc6 25. Bd6 Rf7 26. Nxf5 Bxf5 27. Rxf5 Ne7
28. Bb5+ Nc6 29. Be5 Ng4 30. Bxc6+ bxc6 31. Qxc6+ 1-0

[Event "110th YMCA Golden Autumn"]
[Site "Warszawa"]
[Date "2012.11.21"]
[Round "10"]
[White "Kielar, Maciej"]
[Black "Zaczek, Jonathon"]
[Result "1/2-1/2"]
[WhiteElo "2087"]
[BlackElo "2118"]
[Annotator "Admin"]
[PlyCount "41"]
[EventDate "2012.09.21"]
[EventType "tourn"]
[EventRounds "1"]
[EventCountry "POL"]
[SourceDate "2012.09.19"]

1. e4 c5 2. Nf3 d6 3. d4 cxd4 4. Nxd4 Nf6 5. Nc3 a6 6. Be3 e5 7. Nb3 Be6 8. Be2
Be7 9. g4 d5 10. Nxd5 Nxd5 11. exd5 Bxd5 12. Bf3 Bxf3 13. Qxf3 Nc6 14. Rd1 Qc7
15. c3 O-O 16. O-O Rfd8 17. Rxd8+ Rxd8 18. Rd1 Rd7 19. Kg2 Qd8 20. Bb6 Qe8 21.
Rd5 $11 1/2-1/2

[Event "110th YMCA Golden Autumn"]
[Site "Warszawa"]
[Date "2012.11.23"]
[Round "10"]
[White "Winiarski, Mikolaj"]
[Black "Adamski, Andrzej"]
[Result "1-0"]
[WhiteElo "2089"]
[BlackElo "2265"]
[PlyCount "67"]
[EventDate "2012.09.21"]
[EventType "tourn"]
[EventRounds "1"]
[EventCountry "POL"]
[SourceDate "2012.09.19"]

1. d4 g6 2. Nf3 Nf6 3. g3 Bg7 4. Bg2 O-O 5. O-O d6 6. Re1 Nc6 7. d5 Nb4 8. e4
c5 9. c4 e6 10. a3 Na6 11. Nc3 Nc7 12. Bf4 exd5 13. cxd5 Bg4 14. h3 Bc8 15. Qd2
Re8 16. e5 dxe5 17. Nxe5 Bd7 18. d6 Ne6 19. Bxb7 Rb8 20. Bg2 Nxf4 21. Qxf4 Rf8
22. Nd5 Nxd5 23. Bxd5 Bxe5 24. Rxe5 Be6 25. Bxe6 fxe6 26. Qd2 Qd7 27. Rae1 Rfe8
28. Rxc5 Red8 29. Rd1 Rdc8 30. Rdc1 Rxc5 31. Rxc5 Rb7 32. Qc3 Qxd6 33. Rc8+ Kf7
34. Qf3+ 1-0

[Event "110th YMCA Golden Autumn"]
[Site "Warszawa"]
[Date "2012.11.23"]
[Round "10"]
[White "Kaczorowski, Piotr"]
[Black "Malec, Sebastian"]
[Result "0-1"]
[WhiteElo "2054"]
[BlackElo "2108"]
[PlyCount "42"]
[EventDate "2012.09.21"]
[EventType "tourn"]
[EventRounds "1"]
[EventCountry "POL"]
[SourceDate "2012.09.19"]

1. Nf3 Nf6 2. g3 b5 3. Bg2 Bb7 4. O-O e6 5. d4 d5 6. Bg5 Nbd7 7. Nbd2 Be7 8. e3
h6 9. Bxf6 Bxf6 10. Qe2 Qc8 11. e4 O-O 12. e5 Be7 13. Nh4 c5 14. f4 cxd4 15. f5
Bxh4 16. gxh4 exf5 17. Rxf5 Qxc2 18. Raf1 d3 19. Qe1 Rae8 20. Nb3 Qxb2 21. R1f2
Rxe5 0-1

[Event "110th YMCA Golden Autumn"]
[Site "Warszawa"]
[Date "2012.10.31"]
[Round "11"]
[White "Malec, Sebastian"]
[Black "Denderski, Piotr"]
[Result "0-1"]
[WhiteElo "2108"]
[BlackElo "2240"]
[Annotator "Admin"]
[PlyCount "66"]
[EventDate "2012.09.21"]
[EventType "tourn"]
[EventRounds "1"]
[EventCountry "POL"]
[SourceDate "2012.09.19"]

1. e4 c5 2. Nf3 Nc6 3. Bb5 Nf6 4. Nc3 Qc7 5. Bxc6 Qxc6 6. e5 Nd5 7. Nxd5 Qxd5
8. Qe2 b6 9. c4 Qc6 10. d4 cxd4 11. Bd2 Bb7 12. Rg1 Rc8 13. Rc1 Qc5 14. b4 Bxf3
15. gxf3 Qc6 16. Rg4 $11 g6 17. Rxd4 Bg7 18. Rd5 O-O 19. b5 Qe6 20. Rd1 Qh3 21.
Bf4 d6 22. Qe4 dxe5 23. Bxe5 e6 24. R5d4 Bxe5 25. Qxe5 Qxf3 26. Rf4 Qh1+ 27.
Ke2 Qxh2 28. Qf6 Qh5+ 29. f3 Qh2+ 30. Ke3 Qc2 31. Rd7 Rxc4 32. Rxc4 Qxc4 33.
Rxa7 Qxb5 0-1

[Event "110th YMCA Golden Autumn"]
[Site "Warszawa"]
[Date "2012.11.30"]
[Round "11"]
[White "Adamski, Andrzej"]
[Black "Kaczorowski, Piotr"]
[Result "1-0"]
[WhiteElo "2265"]
[BlackElo "2054"]
[PlyCount "53"]
[EventDate "2012.09.21"]
[EventType "tourn"]
[EventRounds "1"]
[EventCountry "POL"]
[SourceDate "2012.09.19"]

1. e4 c5 2. Nc3 e6 3. f4 d5 4. Nf3 dxe4 5. Nxe4 Be7 6. Bc4 Nf6 7. Qe2 O-O 8.
O-O Nc6 9. c3 a6 10. a4 Qc7 11. d3 b6 12. Bd2 Bb7 13. Neg5 Nd8 14. Ne5 Bd5 15.
Rae1 Ra7 16. f5 Bxc4 17. dxc4 exf5 18. Rxf5 h6 19. Ne4 Nxe4 20. Qxe4 Bd6 21.
Ng4 Qc6 22. Nxh6+ gxh6 23. Qg4+ Kh8 24. Rh5 f6 25. Rxh6+ Rh7 26. Rxh7+ Kxh7 27.
Re3 1-0

[Event "110th YMCA Golden Autumn"]
[Site "Warszawa"]
[Date "2012.12.05"]
[Round "11"]
[White "Zaczek, Jonathon"]
[Black "Winiarski, Mikolaj"]
[Result "1-0"]
[WhiteElo "2118"]
[BlackElo "2089"]
[PlyCount "127"]
[EventDate "2012.09.21"]
[EventType "tourn"]
[EventRounds "1"]
[EventCountry "POL"]
[SourceDate "2012.09.19"]

1. e4 c5 2. Nf3 d6 3. d4 cxd4 4. Nxd4 Nf6 5. Nc3 a6 6. Bc4 e6 7. Bb3 b5 8. O-O
Be7 9. Qf3 Qc7 10. Qg3 Nc6 11. Nxc6 Qxc6 12. Re1 O-O 13. Bh6 Nh5 14. Qg4 b4 15.
Ne2 Bf6 16. Rad1 Bxb2 17. Qxh5 gxh6 18. Qxh6 Bg7 19. Qf4 Bb7 20. Ng3 Be5 21.
Qh6 Kh8 22. Nh5 Rg8 23. Nf6 Rg7 24. Rd3 a5 25. Ree3 Bxf6 26. Qxf6 Rag8 27. Re1
a4 28. Rh3 axb3 29. Ree3 Qxe4 30. Rxe4 Bxe4 31. Rxb3 Bxg2 32. Rg3 Be4 33. Qb2
d5 34. Qxb4 Rxg3+ 35. hxg3 Rc8 36. c3 Kg8 37. a4 Bd3 38. f4 Rc6 39. Kf2 Ra6 40.
Ke3 Bc4 41. Kd4 Kg7 42. g4 h6 43. Ke3 Kg6 44. a5 Kg7 45. Qc5 Ra8 46. Qc7 Kf6
47. Kf3 Kg6 48. Kg3 Kg7 49. Kh4 Kg8 50. Kh5 Kg7 51. Qe5+ Kh7 52. Qf6 Rf8 53.
Qxh6+ Kg8 54. Qf6 Kh7 55. f5 exf5 56. Qh6+ Kg8 57. gxf5 Be2+ 58. Kg5 f6+ 59.
Kf4 Rf7 60. Ke3 Bc4 61. Kd4 Bb3 62. a6 Bc4 63. Qg6+ Kf8 64. Qxf7+ 1-0